Drużyny, które pokonały Brazylię w Mistrzostwach Świata w piłce nożnej - Statystyki

Ogólne statystyki
  • Ten quiz został rozwiązany 50 razy
  • Średni wynik to 10 z 15
Statystyki odpowiedzi
Państwo % Poprawnych
Niemcy
96%
Francja
93%
Polska
89%
Argentyna
84%
Holandia
76%
Urugwaj
71%
Włochy
71%
Chorwacja
69%
Hiszpania
69%
Belgia
67%
Portugalia
64%
Węgry
60%
Jugosławia
47%
Kamerun
38%
Norwegia
31%
Nie znaleziono quizów pasujących do podanych kryteriów
Rozkład punktacji
Procent ludzi z każdym wynikiem
Percentyl według liczby udzielonych odpowiedzi
Twoja historia wyników
Nie rozwiązałeś tego quizu